Aakhir kestaien (Record no. 1435099)
[ view plain ]
| 000 -LEADER | |
|---|---|
| fixed length control field | 00777nam a22002417a 4500 |
| 005 - DATE AND TIME OF LATEST TRANSACTION | |
| control field | 20250903112023.0 |
| 008 - FIXED-LENGTH DATA ELEMENTS--GENERAL INFORMATION | |
| fixed length control field | 250903b |||||||| |||| 00| 0 eng d |
| 037 ## - SOURCE OF ACQUISITION | |
| Terms of availability | TB |
| 040 ## - CATALOGING SOURCE | |
| Original cataloging agency | CRL |
| Transcribing agency | CRL |
| 041 ## - LANGUAGE CODE | |
| Source of code | SIN |
| Language code of text/sound track or separate title | SIN |
| 084 ## - COLON CLASSIFICATION NUMBER | |
| Classification number | O156,3N39x 1593R1 |
| Item number | CRL |
| 100 ## - MAIN ENTRY--PERSONAL NAME | |
| Personal name | Mehta, Chanderkant |
| 9 (RLIN) | 819851 |
| 245 ## - TITLE STATEMENT | |
| Title | Aakhir kestaien |
| 260 ## - PUBLICATION, DISTRIBUTION, ETC. | |
| Place of publication, distribution, etc. | Ahmedabad, India: |
| Name of publisher, distributor, etc. | Asha Jagasia, |
| Date of publication, distribution, etc. | 2021. |
| 300 ## - PHYSICAL DESCRIPTION | |
| Extent | 128p. |
| 365 ## - TRADE PRICE | |
| Price amount | 280.00 |
| Currency code | INR |
| 546 ## - LANGUAGE NOTE | |
| Language note | Translated from Gujarati to Sindhi |
| 650 ## - SUBJECT ADDED ENTRY--TOPICAL TERM | |
| Topical term or geographic name entry element | Gujarati Literature |
| 9 (RLIN) | 734799 |
| 650 ## - SUBJECT ADDED ENTRY--TOPICAL TERM | |
| Topical term or geographic name entry element | Gujarati Fiction |
| 9 (RLIN) | 726555 |
| 700 ## - ADDED ENTRY--PERSONAL NAME | |
| Personal name | Dayal, Asha Jagasia |
| Relator term | Translator |
| 9 (RLIN) | 819852 |
| 942 ## - ADDED ENTRY ELEMENTS (KOHA) | |
| Source of classification or shelving scheme | Colon Classification (CC) |
| Koha item type | Textbook |
| Classification part | O156,3N39x 1593R1 |
| Suppress in OPAC | No |
| Withdrawn status | Lost status | Source of classification or shelving scheme | Damaged status | Not for loan | Home library | Current library | Date acquired | Source of acquisition | Cost, normal purchase price | Inventory number | Total Checkouts | Full call number | Barcode | Date last seen | Price effective from | Koha item type |
|---|---|---|---|---|---|---|---|---|---|---|---|---|---|---|---|---|
| Colon Classification (CC) | Central Library | Central Library | 2025-09-03 | NCPSL | 280.00 | Gift | O156,3N39x 1593R1 | CL1700093 | 2025-09-03 | 2025-09-03 | Textbook |
